书目信息 |
| 题名: |
公路养护与管理手册
|
|
| 作者: | 交通部公路管理司 主编 | |
| 分册: | ||
| 出版信息: | 北京 人民交通出版社 1996.09 |
|
| 页数: | 1223页 | |
| 开本: | 32开 | |
| 丛书名: | ||
| 单 册: | ||
| 中图分类: | U418-62 | |
| 科图分类: | ||
| 主题词: | 道路工程 | |
| 电子资源: | ||
| ISBN: | 7-114-02429-0 | |
| 000 | 00606nam0 2200193 45 | |
| 001 | 0009071821 | |
| 005 | 20000907185857.8 | |
| 010 | @a7-114-02429-0@d58.00元 | |
| 100 | @a20000907d1996 km y0chiy0120 ea | |
| 101 | 0 | @achi |
| 105 | @a z 000yy | |
| 200 | 1 | @a公路养护与管理手册@AGong Lu Yang Hu Yu Guan Li Shou Ce@f交通部公路管理司主编@FJiao Tong Bu Gong Lu Guan Li Si Zhu Bian |
| 210 | @a北京@c人民交通出版社@d1996.09 | |
| 215 | @a1223页@d32开 | |
| 606 | 0 | @a道路工程 |
| 690 | @aU418-62@v3 | |
| 701 | 0 | @a交通部公路管理司@4主编 |
| 801 | @aCN@bPftUser@c20000907 | |
| 905 | @b126541-550@dU418-62@eJ:072@f10 | |
| 公路养护与管理手册/交通部公路管理司主编.-北京:人民交通出版社,1996.09 |
| 1223页;32开 |
| ISBN 7-114-02429-0:58.00元 |
| ● |
| 相关链接 |
|
|
|
正题名:公路养护与管理手册
索取号:U418-62/J:072
 
预约/预借
| 序号 | 登录号 | 条形码 | 馆藏地/架位号 | 状态 | 备注 |
| 1 | 126541 | 201265415 | 自科库501/501自科库 53排5列3层/ [索取号:U418-62/J:072] | 在馆 | |
| 2 | 126542 | 201265424 | 市政与环境工程学院资料室/ [索取号:U418-62/J:072] | 在馆 | |
| 3 | 126543 | 201265433 | 自科二线504/504自科库 31排3列5层/ [索取号:U418-62/J:072] | 在馆 | |
| 4 | 126544 | 201265442 | 自科二线504/504自科库 31排3列5层/ [索取号:U418-62/J:072] | 在馆 | |
| 5 | 126545 | 201265451 | 自科库501/501自科库 53排5列3层/ [索取号:U418-62/J:072] | 在馆 | |
| 6 | 126546 | 201265460 | 市政与环境工程学院资料室/ [索取号:U418-62/J:072] | 在馆 | |
| 7 | 126547 | 201265479 | 自科二线504/504自科库 31排3列5层/ [索取号:U418-62/J:072] | 在馆 | |
| 8 | 126548 | 201265488 | 自科库501/501自科库 53排5列3层/ [索取号:U418-62/J:072] | 在馆 | |
| 9 | 126549 | 201265497 | 自科库501/501自科库 53排5列3层/ [索取号:U418-62/J:072] | 在馆 | |
| 10 | 126550 | 201265503 | 自科二线504/504自科库 31排3列5层/ [索取号:U418-62/J:072] | 在馆 |